00512nam a22001697a 4500003000400000008004100004020001800045082001200063100001600075245006500091250001600156260003000172300005900202500002900261650003300290700001900323OSt200320b ||||| |||| 00| 0 eng d a9780702053269 a611 WAR aWaugh, Anne aRoss and Wilson Anatomy and Physiology in Health and Illness a13th (2018) aNew DelhibElsevier India aPaperback: 560 pages, Dimensions: 21.7 x 2.2 x 27.7 cm aReading level: 18+ years aHuman Anatomy and Physiology aGrant, Allison